00932nam a2200277Ia 450000500170000000800410001702000150005805000190007310000270009224500950011926000330021430000180024733700100026533800140027533900140028950000770030350500380038065000190041865000200043765000230045765000260048070000300050694200070053695200940054399900170063720231102151236.0120630s 1990sp 000 0 spa d a847112338X aHM131 bT8718 aTURNER, John C.eautor00aRedescubrir el grupo social b: una teoria de la categorizacion del yoc / John c. Turner  aEspañab : Moratac , 1990 a310 páginas atexto asin medio avolúmen aPlan Flexible Pedagogía / Educación para adultos (P15-1) (19 000933) aIncluye índice y bibliografía aAutopercepcion aGrupos sociales aInteraccion social aIdentificacion grupal aMANZANO, PabloeTRADUCTOR cLB 00104070a19b19d2015-07-09l0oHM131 T8718 p19 000933r2013-09-18t1w2013-09-18yLB c78355d78355